| 000 | 00584nam a2200217Ia 4500 | ||
|---|---|---|---|
| 003 | OSt | ||
| 005 | 20220923230852.0 | ||
| 006 | a|||||r|||| 00| 0 | ||
| 007 | ta | ||
| 008 | Pun | ||
| 024 | _a306,195 | ||
| 037 | _cTextual | ||
| 040 |
_aARTS _cARTS _bPun |
||
| 041 |
_2Pun _aPun |
||
| 082 | _aO32,3N34,1, 153L2 | ||
| 100 | _aਨਾਇਰ, ਟੀ. ਵਾਸੂਦੇਵਨ | ||
| 245 | 0 | _aਚਾਰ ਦੀਵਾਰੀ ਵਿਚ | |
| 260 | _c1972 | ||
| 942 |
_hO32,3N34,1, 153L2 _cTEXL _2CC |
||
| 999 |
_c387982 _d387982 |
||